| 000 | 00495nam a22001697a 4500 | ||
|---|---|---|---|
| 005 | 20251108175435.0 | ||
| 008 | 250721s2015 xx 000 0 ara d | ||
| 082 | 1 | 4 | _a320.54/كيل |
| 100 | 1 | _aكيلة، سلامة | |
| 245 | 1 | 0 | _aالهوية والقومية و الحداثة / |
| 264 | 1 |
_aراس الخيمة : _bدار نون للنشر، _c2015. |
|
| 300 | _a142 ص. | ||
| 650 | 1 | 7 | _aالقومية |
| 650 | 1 | 7 | _aالأحزاب القومية |
| 942 |
_2ddc _cBK |
||
| 999 |
_c134170 _d134170 |
||